| 000 | 00894nam a22002417a 4500 | ||
|---|---|---|---|
| 003 | NALT | ||
| 005 | 20231009153456.0 | ||
| 008 | s2544 th 1 tha d | ||
| 020 | _a9746890433 | ||
| 040 | _aNALT | ||
| 041 | _atha | ||
| 050 | _a | ||
| 090 |
_aFIC _bย232ผ 2544 |
||
| 100 | 0 |
_aยาขอบ _98894 |
|
| 245 | 1 | 0 |
_aผู้ชนะสิบทิศ ฉบับย่อของยาขอบและอักษราภรณ์ / _cยาขอบ. |
| 260 |
_aกรุงเทพฯ : _bดอกหญ้า 2543, _c2544. |
||
| 300 |
_a437 หน้า : _bภาพประกอบ ; _c21 ซม. |
||
| 650 | 4 |
_aนวนิยาย _93785 |
|
| 700 | 0 |
_917409 _aโชติ แพร่พันธุ์ |
|
| 850 | _aNALT | ||
| 942 |
_cFIC _2local |
||
| 998 |
_bpotjapin _cphon _j8 _k นายบัณฑิต อุทาวงค์ |
||
| 999 |
_c10976 _d10976 |
||